Pokémon- Effets de types les uns par rapport aux autres - Statistiques

Statistiques générales
  • Ce quiz a été pris 56 fois
  • Le résultat moyen est 16 sur 20
Statistiques - réponses
Le type Sur le type A pour effet % Correct
Feu Plante Super efficace
100%
Eau Sol Super efficace
100%
Poison Plante Super efficace
94%
Dragon Fée Aucun effet
87%
Electrik Acier Efficace
81%
Psy Poison Super efficace
79%
Psy Insecte Efficace
77%
Fée Spectre Efficace
77%
Plante Glace Efficace
77%
Ténèbres Ténèbres Pas très efficace
77%
Electrik Electrik Pas très efficace
77%
Glace Eau Pas très efficace
77%
Sol Poison Super efficace
77%
Normal Spectre Aucun effet
74%
Sol Vol Aucun effet
74%
Vol Glace Efficace
74%
Normal Roche Pas très efficace
74%
Feu Roche Pas très efficace
74%
Roche Insecte Super efficace
74%
Poison Acier Aucun effet
72%
Aucun quiz correspondant
Distribution des résultats
% des personnes avec chaque résultat
Percentile par nombre de réponses
Votre historique - résultats
Vous n’avez pas pris ce quiz